=LDR 00000nam 2200000 4500 =001 INLIS000000000016971 =005 20231016041817 =035 ##$$a 0010-061300000016971 =008 231016################g##########0#ind## =041 ##$$a Ind =082 ##$$a 028.5 =090 ##$$a 028.5, Sad m =100 ##$$a AsSa'dawi, Muhammad =245 1#$$a Menghukum dengan hukum Allah, /$c Muhammad As Sa'dawi =260 ##$$a Jakarta :$b nuri,$c 2002 =300 ##$$a 20 hlm : $b Ilus ; $c 19 cm =650 #4$$a Bacaan anak-anak =850 ##$$a NBPNMAT =084 ##$$a 028.5 ASS m =990 ##$$a 17861786 =990 ##$$a 20403189